000
00315nam a22001337a 4500
008
181221b xxu||||| |||| 00| 0 eng d
020
_a
0880640111
041
_a
eng
080
_a
321
100
_a
19
101
_a
SHP
245
_a
Karl and Rosa. November 1918: A German Revolution
_c
Doblin, A
942
_2
udc
_c
BK
999
_c
53610
_d
53610